| 000 | 00460nam a2200157 a 4500 | ||
|---|---|---|---|
| 082 |
_a923.14563 _bFRO |
||
| 100 | 1 |
_aFroude, James Anthony, _950578 |
|
| 245 | 1 | 0 |
_aCaesar ; _ba sketch / _cby James Anthony Froude-- |
| 250 | _aNew ed. | ||
| 260 |
_aLondon ; _aNew York : _bLongmans, Green and Co., _c1894. |
||
| 300 |
_axvi, 568 p. ; _c20 cm. |
||
| 500 | _aIncludes index. | ||
| 526 |
_a0 _b0 _c0 _d923_145630000000000_FRO |
||
| 650 |
_aMCE _9379 |
||
| 942 |
_2ddc _cBK |
||
| 999 |
_c553323 _d553323 |
||